[Event "Catarinense-ch 58th"]
[Site "Florianopolis"]
[Date "2013.03.29"]
[Round "3"]
[White "Menna Barreto, Felipe Kubiaki"]
[Black "Mekhitarian, Krikor Sevag"]
[Result "1/2-1/2"]
[WhiteElo "2291"]
[BlackElo "2546"]
[PlyCount "72"]
[EventDate "2013.03.28"]
[EventType "swiss"]
[EventRounds "7"]
[EventCountry "BRA"]
[SourceTitle "CBM 153 Extra"]
[Source "ChessBase"]
[SourceDate "2013.04.22"]
[SourceVersion "1"]
[SourceVersionDate "2013.04.22"]
[SourceQuality "1"]

1. Nf3 Nf6 2. c4 e6 3. Nc3 d5 4. d4 Bb4 5. Bg5 h6 6. Bxf6 Qxf6 7. e3 c6 8. Bd3
Nd7 9. O-O O-O 10. Qb3 Ba5 11. Rac1 Qd8 12. e4 dxe4 13. Nxe4 Bc7 14. Bb1 e5 15.
d5 c5 16. Ng3 Nf6 17. Rfe1 Re8 18. Rcd1 Bd6 19. Re2 Qc7 20. Rde1 g6 21. h3 Nd7
22. h4 h5 23. Qc3 Qd8 24. Bc2 f5 25. Ba4 e4 26. Ng5 Be5 27. Qb3 Re7 28. N3xe4
fxe4 29. Rxe4 Bf6 30. Ne6 Qb6 31. Qg3 Nf8 32. Nxf8 Kxf8 33. Qxg6 Bg4 34. Qh6+
Kg8 35. Qg6+ Kf8 36. Qh6+ Kg8 1/2-1/2

[Event "Catarinense-ch 58th"]
[Site "Florianopolis"]
[Date "2013.03.30"]
[Round "4"]
[White "Mekhitarian, Krikor Sevag"]
[Black "Matsuura, Everaldo"]
[Result "1/2-1/2"]
[WhiteElo "2546"]
[BlackElo "2473"]
[PlyCount "81"]
[EventDate "2013.03.28"]
[EventType "swiss"]
[EventRounds "7"]
[EventCountry "BRA"]
[SourceTitle "CBM 153 Extra"]
[Source "ChessBase"]
[SourceDate "2013.04.22"]
[SourceVersion "1"]
[SourceVersionDate "2013.04.22"]
[SourceQuality "1"]

1. e4 e5 2. Nf3 Nc6 3. Bb5 g6 4. c3 a6 5. Ba4 d6 6. d4 Bd7 7. O-O Bg7 8. Bg5
Nge7 9. dxe5 dxe5 10. Qc1 O-O 11. Rd1 Qe8 12. Bh6 Rd8 13. Bxg7 Kxg7 14. Qe3 Nc8
15. Nbd2 Qe7 16. Bc2 Be6 17. Qe2 Nb6 18. Bb3 Na5 19. Bxe6 Qxe6 20. b3 Rd7 21.
Nf1 Rfd8 22. Ne3 Rxd1+ 23. Rxd1 Rxd1+ 24. Qxd1 Qc6 25. Qc2 f6 26. h4 h5 27. c4
Qc5 28. Qd2 Nc6 29. Nd5 Nxd5 30. exd5 Ne7 31. Qe3 Qxe3 32. fxe3 Nf5 33. Kf2 Nd6
34. Nd2 f5 35. a4 b6 36. b4 Nb7 37. Nb3 Kf6 38. e4 Nd6 39. Nd2 Nb7 40. Nb3 Nd6
41. Nd2 1/2-1/2

[Event "Catarinense-ch 58th"]
[Site "Florianopolis"]
[Date "2013.03.30"]
[Round "5"]
[White "Bueno, Alfeu Varela Jr"]
[Black "Mekhitarian, Krikor Sevag"]
[Result "0-1"]
[WhiteElo "2282"]
[BlackElo "2546"]
[PlyCount "80"]
[EventDate "2013.03.28"]
[EventType "swiss"]
[EventRounds "7"]
[EventCountry "BRA"]
[SourceTitle "CBM 153 Extra"]
[Source "ChessBase"]
[SourceDate "2013.04.22"]
[SourceVersion "1"]
[SourceVersionDate "2013.04.22"]
[SourceQuality "1"]

1. e4 c5 2. Nc3 Nc6 3. g3 g6 4. Bg2 Bg7 5. d3 d6 6. Be3 Nf6 7. h3 Rb8 8. Qd2 b5
9. Bh6 Bxh6 10. Qxh6 Nd4 11. Qd2 Qa5 12. Nge2 b4 13. Nd5 Nxd5 14. exd5 Nxe2 15.
Kxe2 e5 16. dxe6 Bxe6 17. Rhe1 O-O 18. Kf1 Qd8 19. Qf4 Kg7 20. b3 g5 21. Qd2
Qf6 22. a3 a5 23. axb4 axb4 24. Ra6 Rbd8 25. d4 h6 26. Kg1 Rfe8 27. dxc5 dxc5
28. Rd6 Bf5 29. Rxd8 Rxd8 30. Qe3 Qc3 31. Be4 Qxe3 32. Rxe3 Bxh3 33. Bd3 Be6
34. Kf1 Rd4 35. Ke2 Kf6 36. Kd2 h5 37. c3 Rd8 38. cxb4 cxb4 39. Kc2 Rc8+ 40.
Kb2 Rc3 0-1

[Event "Catarinense-ch 58th"]
[Site "Florianopolis"]
[Date "2013.03.31"]
[Round "6"]
[White "Cordeiro, Marco Aurelio Zaror"]
[Black "Mekhitarian, Krikor Sevag"]
[Result "0-1"]
[WhiteElo "2232"]
[BlackElo "2546"]
[PlyCount "98"]
[EventDate "2013.03.28"]
[EventType "swiss"]
[EventRounds "7"]
[EventCountry "BRA"]
[SourceTitle "CBM 153 Extra"]
[Source "ChessBase"]
[SourceDate "2013.04.22"]
[SourceVersion "1"]
[SourceVersionDate "2013.04.22"]
[SourceQuality "1"]

1. e4 c5 2. Nc3 Nc6 3. f4 g6 4. Nf3 Bg7 5. Bc4 e6 6. O-O Nge7 7. d3 d5 8. Bb3
O-O 9. Re1 a6 10. a4 Rb8 11. Ne2 c4 12. exd5 cxb3 13. dxc6 bxc2 14. Qxc2 Nxc6
15. Rd1 Qb6+ 16. d4 Bd7 17. Be3 Nb4 18. Qb3 Nd5 19. Qxb6 Nxb6 20. Nc3 Nc4 21.
Bc1 Rbc8 22. Ne5 Rfd8 23. Ne2 Be8 24. Re1 f6 25. Nd3 Bc6 26. Nc5 Bd5 27. b3 Na5
28. b4 Nc4 29. f5 exf5 30. Nc3 Bf8 31. Rb1 Bf7 32. Ne2 Bd5 33. Nf4 Kf7 34. Be3
b6 35. Nxa6 Bb7 36. b5 Nxe3 37. Rxe3 Rxd4 38. g3 Rxa4 39. Rd3 Re8 40. Rd7+ Re7
41. Rd6 Re1+ 42. Rxe1 Bxd6 43. Rd1 Ke7 44. Nd5+ Bxd5 45. Rxd5 Ra5 46. Kg2 Ke6
47. Rd2 Rxb5 48. Rc2 Ra5 49. Nc7+ Kd7 0-1

[Event "Catarinense-ch 58th"]
[Site "Florianopolis"]
[Date "2013.03.31"]
[Round "7"]
[White "Mekhitarian, Krikor Sevag"]
[Black "Dias, Anderson Tatsch"]
[Result "1-0"]
[WhiteElo "2546"]
[BlackElo "2219"]
[PlyCount "133"]
[EventDate "2013.03.28"]
[EventType "swiss"]
[EventRounds "7"]
[EventCountry "BRA"]
[SourceTitle "CBM 153 Extra"]
[Source "ChessBase"]
[SourceDate "2013.04.22"]
[SourceVersion "1"]
[SourceVersionDate "2013.04.22"]
[SourceQuality "1"]

1. e4 e6 2. d4 d5 3. Nd2 dxe4 4. Nxe4 Nd7 5. Nf3 Ngf6 6. Bg5 h6 7. Nxf6+ Nxf6
8. Be3 Bd6 9. Bd3 Qe7 10. O-O c5 11. Ne5 O-O 12. Qf3 cxd4 13. Bxd4 Bc5 14. Bxc5
Qxc5 15. Rfe1 Rb8 16. Qg3 Qc7 17. Rad1 Rd8 18. h3 Bd7 19. Nxd7 Rxd7 20. Qxc7
Rxc7 21. c3 Kf8 22. f4 Rd8 23. Bb5 Rxd1 24. Rxd1 Ke7 25. Kf2 Nd5 26. g3 Nb6 27.
Rd4 Nc8 28. Ke3 Nd6 29. Bd3 h5 30. Ra4 b6 31. Ra6 Ne8 32. Be4 Nd6 33. Bd3 Ne8
34. c4 Nd6 35. Kd4 Nc8 36. b4 Rd7+ 37. Ke3 Rc7 38. Kd4 Rd7+ 39. Ke3 Rc7 40. a4
g6 41. a5 bxa5 42. Rxa5 Nb6 43. Kd4 Kd7 44. Ra1 Ke7 45. Ra2 Rd7+ 46. Kc3 Rc7
47. Kb3 Rd7 48. Be2 Rc7 49. Rc2 Kf6 50. Bd3 Nd7 51. c5 e5 52. fxe5+ Kxe5 53.
Bb5 Nf6 54. Bd3 Kd4 55. Rf2 Ne4 56. Bxe4 Kxe4 57. Kc4 Ke5 58. b5 g5 59. g4 hxg4
60. hxg4 Ke6 61. Re2+ Kd7 62. Kd5 Kd8 63. c6 f6 64. Kd6 Rh7 65. Re6 Rf7 66. Re2
Rh7 67. b6 1-0

[Event "Manaus zt 2.4"]
[Site "Manaus"]
[Date "2013.04.28"]
[Round "2"]
[White "Caetano, Hugo Zanotti Mendon"]
[Black "Mekhitarian, Krikor Sevag"]
[Result "0-1"]
[WhiteElo "2150"]
[BlackElo "2548"]
[PlyCount "98"]
[EventDate "2013.04.27"]
[EventType "swiss"]
[EventRounds "9"]
[EventCountry "BRA"]
[SourceTitle "CBM 154 Extra"]
[Source "ChessBase"]
[SourceDate "2013.06.25"]
[SourceVersion "2"]
[SourceVersionDate "2013.06.25"]
[SourceQuality "1"]

1. d4 Nf6 2. c4 e6 3. Nc3 Bb4 4. e3 d5 5. Nf3 O-O 6. a3 Be7 7. Qc2 b6 8. cxd5
exd5 9. Bd3 c5 10. b3 Bb7 11. O-O Nbd7 12. Bb2 Rc8 13. Qe2 Re8 14. Rac1 Bf8 15.
Rfd1 Qc7 16. Nb5 Qb8 17. Nc3 Rcd8 18. Na4 Ne4 19. dxc5 bxc5 20. Bxe4 dxe4 21.
Ng5 h6 22. Nh3 Bc6 23. Qc4 Bd6 24. g3 Bb5 25. Qd5 Be5 26. Bxe5 Nxe5 27. Qxc5
Bxa4 28. bxa4 Nd3 29. Qa5 Nxc1 30. Rxc1 Qb2 31. Re1 Qd2 32. Qb4 a5 33. Qxd2
Rxd2 34. Rc1 Re5 35. Nf4 g5 36. Nh5 Rf5 37. Rf1 Kf8 38. g4 Rfd5 39. Nf6 Re5 40.
Rc1 Rd3 41. Rc4 Re6 42. Nxe4 Rxa3 43. Nc5 Rd6 44. Nb7 Rd2 45. Rc5 Rxa4 46. Rxa5
Rxg4+ 47. Kf1 Rb4 48. Nc5 Rd5 49. e4 Rxe4 0-1

[Event "Manaus zt 2.4"]
[Site "Manaus"]
[Date "2013.04.28"]
[Round "3"]
[White "Mekhitarian, Krikor Sevag"]
[Black "Brito, Luismar Jorge"]
[Result "1/2-1/2"]
[WhiteElo "2548"]
[BlackElo "2263"]
[PlyCount "194"]
[EventDate "2013.04.27"]
[EventType "swiss"]
[EventRounds "9"]
[EventCountry "BRA"]
[SourceTitle "CBM 154 Extra"]
[Source "ChessBase"]
[SourceDate "2013.06.25"]
[SourceVersion "2"]
[SourceVersionDate "2013.06.25"]
[SourceQuality "1"]

1. e4 c5 2. Nf3 d6 3. d4 cxd4 4. Nxd4 Nf6 5. Nc3 a6 6. Be3 h5 7. f3 e6 8. Qd2
Qc7 9. O-O-O Be7 10. h3 h4 11. Bg5 Nc6 12. Qe1 Nxd4 13. Rxd4 Qc5 14. Be3 Qa5
15. Bc4 Bd7 16. Bb3 Bc6 17. Qf2 Nd7 18. Rhd1 Nc5 19. Kb1 Rc8 20. R4d2 Nd7 21.
f4 g6 22. Bd4 Rh7 23. Re1 Kf8 24. Qe3 e5 25. fxe5 dxe5 26. Ba7 Bc5 27. Bxc5+
Qxc5 28. Qf3 Qe7 29. Rf1 Nc5 30. Qg4 Rc7 31. Qxg6 Rg7 32. Qh6 Qg5 33. Qd6+ Qe7
34. Qh6 Qg5 35. Qd6+ Qe7 36. Qxe7+ Rxe7 37. Bd5 Rg3 38. Re2 Bd7 39. Ref2 Be8
40. Kc1 Kg7 41. Kd2 Ne6 42. Ne2 Rg6 43. Rg1 Ng5 44. Ke3 b5 45. c3 Bd7 46. Rff1
Rd6 47. Rd1 Bc8 48. Rd2 Rg6 49. Rgd1 Ne6 50. Kf2 Rf6+ 51. Kg1 Ng5 52. Nc1 Bb7
53. Bxb7 Rxb7 54. Nd3 Re7 55. Nf2 Rf4 56. Re1 Re6 57. Re3 Ref6 58. Ree2 Re6 59.
Kf1 Rc6 60. Ke1 Rc4 61. Nd3 Rfxe4 62. Nxe5 Rc5 63. Nd3 Rf5 64. Nf2 Ref4 65. Kd1
a5 66. Kc2 Ne6 67. Nd3 Rc4 68. Ne5 Rcf4 69. Nf3 b4 70. Nd4 Rf6 71. Nxe6+ fxe6
72. Re5 bxc3 73. bxc3 R4f5 74. Re4 Rf4 75. Re5 a4 76. Rg5+ Rg6 77. Rxg6+ Kxg6
78. Kd3 e5 79. Rb2 a3 80. Rc2 Kf5 81. c4 Rd4+ 82. Kc3 Ke6 83. Kb4 Rd3 84. c5
Kd7 85. Rf2 Ke6 86. Rc2 Kd7 87. Rf2 Ke6 88. c6 Kd6 89. Rf6+ Kc7 90. Kc5 Rd2 91.
Rf7+ Kc8 92. Rf8+ Kc7 93. Rf7+ Kc8 94. Ra7 Rxa2 95. Kd6 Rd2+ 96. Kxe5 a2 97.
Kf4 Rxg2 1/2-1/2

[Event "Manaus zt 2.4"]
[Site "Manaus"]
[Date "2013.04.29"]
[Round "4"]
[White "Carvalho, Herbert Abreu"]
[Black "Mekhitarian, Krikor Sevag"]
[Result "1/2-1/2"]
[WhiteElo "2182"]
[BlackElo "2548"]
[PlyCount "211"]
[EventDate "2013.04.27"]
[EventType "swiss"]
[EventRounds "9"]
[EventCountry "BRA"]
[SourceTitle "CBM 154 Extra"]
[Source "ChessBase"]
[SourceDate "2013.06.25"]
[SourceVersion "2"]
[SourceVersionDate "2013.06.25"]
[SourceQuality "1"]

1. e4 c5 2. Nf3 d6 3. Bb5+ Nd7 4. O-O a6 5. Bxd7+ Bxd7 6. h3 Nf6 7. Re1 g6 8.
e5 dxe5 9. Nxe5 Be6 10. Nc3 Bg7 11. d3 O-O 12. Qf3 Nd5 13. Bd2 Rc8 14. Re2 b5
15. Qg3 Qd6 16. Rae1 Rfd8 17. Qh4 Bf6 18. Qh6 Bg7 19. Qh4 Bf6 20. Qh6 Nxc3 21.
Bxc3 b4 22. Bd2 c4 23. Bf4 Bg7 24. Qh4 Bf6 25. Qg3 Qd4 26. b3 cxd3 27. Nxd3 Bf5
28. Be5 Bxe5 29. Qxe5 e6 30. Qa5 Bxd3 31. cxd3 Qd6 32. Re4 Rb8 33. Rc4 Rb5 34.
Qa4 Qb6 35. d4 Kg7 36. Re3 Rdd5 37. a3 bxa3 38. Qxa3 Rxd4 39. Qb2 Rbd5 40. Re4
e5 41. Rxe5 Rd2 42. Re6+ Rxb2 43. Rxb6 Rd1+ 44. Kh2 Rxf2 45. Rxa6 h5 46. Ra5
Rb1 47. b4 f6 48. Ra7+ Kh6 49. h4 Rbb2 50. Rcc7 Rxg2+ 51. Kh3 g5 52. hxg5+ Rxg5
53. Rab7 Rb3+ 54. Kh2 Rb2+ 55. Kh3 Rd5 56. Rc3 Rd1 57. Rb6 Rh1+ 58. Kg3 Kg5 59.
Rc8 Rb3+ 60. Kg2 Ra1 61. Rc2 Raa3 62. Rf2 f5 63. Rb5 Rg3+ 64. Kh2 Rh3+ 65. Kg2
Rhg3+ 66. Kh2 Rgf3 67. Rxf3 Rxf3 68. Rc5 Rb3 69. b5 Kg4 70. Rc2 Rxb5 71. Kg2 f4
72. Ra2 Rb3 73. Rc2 Rg3+ 74. Kf2 Ra3 75. Kg2 h4 76. Rb2 Rd3 77. Ra2 Rg3+ 78.
Kh2 Rd3 79. Kg2 Kf5 80. Ra4 Ke5 81. Rb4 Ra3 82. Rc4 Kf5 83. Rc8 Re3 84. Ra8
Rg3+ 85. Kh2 Kg4 86. Rg8+ Kf3 87. Ra8 Rg2+ 88. Kh3 Re2 89. Ra3+ Ke4 90. Kxh4 f3
91. Kg3 Rg2+ 92. Kh3 Rd2 93. Kg3 Rg2+ 94. Kh3 Rd2 95. Kg3 Rg2+ 96. Kh3 Rg5 97.
Ra4+ Ke3 98. Ra3+ Kf2 99. Ra2+ Kg1 100. Ra1+ Kf2 101. Ra2+ Ke3 102. Ra3+ Kf4
103. Ra4+ Kf5 104. Ra5+ Kg6 105. Rxg5+ Kxg5 106. Kg3 1/2-1/2

[Event "Manaus zt 2.4"]
[Site "Manaus"]
[Date "2013.05.01"]
[Round "6"]
[White "Andrade, Roberto Luiz Costa"]
[Black "Mekhitarian, Krikor Sevag"]
[Result "0-1"]
[WhiteElo "2198"]
[BlackElo "2548"]
[PlyCount "88"]
[EventDate "2013.04.27"]
[EventType "swiss"]
[EventRounds "9"]
[EventCountry "BRA"]
[SourceTitle "CBM 154 Extra"]
[Source "ChessBase"]
[SourceDate "2013.06.25"]
[SourceVersion "2"]
[SourceVersionDate "2013.06.25"]
[SourceQuality "1"]

1. e4 c5 2. Nf3 e6 3. d4 cxd4 4. Nxd4 Nf6 5. Nc3 d6 6. Be3 a6 7. Bc4 b5 8. Bb3
Bb7 9. f3 Nc6 10. Qe2 Na5 11. O-O-O Nxb3+ 12. axb3 Qa5 13. Kb1 Be7 14. Qf2 Qc7
15. Rhe1 O-O 16. g4 Rfe8 17. g5 Nd7 18. h4 Bf8 19. h5 g6 20. hxg6 fxg6 21. Qh2
Bg7 22. Rh1 Nf8 23. Nde2 b4 24. Na4 Rac8 25. Nc1 d5 26. Qxc7 Rxc7 27. Bb6 Rf7
28. Nc5 Rxf3 29. Nxb7 Rb8 30. Nc5 Rxb6 31. exd5 Rf5 32. dxe6 Rxc5 33. e7 Re6
34. Rhe1 Rce5 35. Nd3 Rxe7 36. Nxe5 Rxe5 37. Rxe5 Bxe5 38. Rd5 Bf4 39. c4 Ne6
40. c5 Bxg5 41. c6 Bf4 42. Rd7 h5 43. Re7 Nc7 44. Re4 g5 0-1

[Event "Manaus zt 2.4"]
[Site "Manaus"]
[Date "2013.05.01"]
[Round "7"]
[White "Mekhitarian, Krikor Sevag"]
[Black "Chumpitaz Carbajal, Ann"]
[Result "1-0"]
[WhiteElo "2548"]
[BlackElo "2155"]
[PlyCount "61"]
[EventDate "2013.04.27"]
[EventType "swiss"]
[EventRounds "9"]
[EventCountry "BRA"]
[SourceTitle "CBM 154 Extra"]
[Source "ChessBase"]
[SourceDate "2013.06.25"]
[SourceVersion "2"]
[SourceVersionDate "2013.06.25"]
[SourceQuality "1"]

1. e4 e5 2. Nf3 Nc6 3. Bb5 a6 4. Ba4 Nf6 5. O-O Be7 6. d3 b5 7. Bb3 d6 8. a4
Bg4 9. c3 O-O 10. h3 Bxf3 11. Qxf3 Na5 12. Bc2 c5 13. Nd2 b4 14. cxb4 cxb4 15.
Nb3 Rc8 16. Nxa5 Qxa5 17. Bb3 Nd7 18. Be3 Nc5 19. Bc4 Bf6 20. b3 Kh8 21. Rac1
Qb6 22. Qg4 Rcd8 23. f4 exf4 24. Rxf4 Bc3 25. Rcf1 f6 26. Kh1 Qc6 27. d4 g5 28.
Bd5 Qxd5 29. exd5 gxf4 30. Qxf4 Rf7 31. dxc5 1-0

[Event "Manaus zt 2.4"]
[Site "Manaus"]
[Date "2013.05.02"]
[Round "8"]
[White "Mekhitarian, Krikor Sevag"]
[Black "Leitao, Rafael Duailibe"]
[Result "1/2-1/2"]
[WhiteElo "2548"]
[BlackElo "2618"]
[PlyCount "57"]
[EventDate "2013.04.27"]
[EventType "swiss"]
[EventRounds "9"]
[EventCountry "BRA"]
[SourceTitle "CBM 154 Extra"]
[Source "ChessBase"]
[SourceDate "2013.06.25"]
[SourceVersion "2"]
[SourceVersionDate "2013.06.25"]
[SourceQuality "1"]

1. e4 e5 2. Nf3 Nc6 3. Bb5 a6 4. Ba4 Nf6 5. O-O Be7 6. d3 b5 7. Bb3 d6 8. a4
Bd7 9. c3 O-O 10. Bc2 Re8 11. h3 h6 12. Re1 Bf8 13. Nbd2 b4 14. a5 Rb8 15. Nc4
Qc8 16. Bd2 bxc3 17. bxc3 Ne7 18. d4 Ng6 19. d5 Bb5 20. Na3 Bd7 21. Nc4 Bb5 22.
Na3 Bd7 23. Bd3 c6 24. c4 c5 25. Rb1 Qc7 26. Kh2 Be7 27. Qc2 Rxb1 28. Rxb1 Rb8
29. Rb2 1/2-1/2

[Event "American Continental 9th"]
[Site "Cochabamba"]
[Date "2013.05.13"]
[Round "9"]
[White "Leiva Rodriguez, Jeammarco Giuseppe"]
[Black "Mekhitarian, Krikor Sevag"]
[Result "1-0"]
[WhiteElo "2388"]
[BlackElo "2551"]
[PlyCount "111"]
[EventDate "2013.05.07"]
[EventType "swiss"]
[EventRounds "11"]
[EventCountry "BOL"]
[SourceTitle "CBM 154 Extra"]
[Source "ChessBase"]
[SourceDate "2013.06.25"]
[SourceVersion "2"]
[SourceVersionDate "2013.06.25"]
[SourceQuality "1"]

1. d4 Nf6 2. Nf3 e6 3. c4 d5 4. g3 c5 5. cxd5 cxd4 6. Bg2 Qxd5 7. Qxd4 Nc6 8.
Qxd5 Nxd5 9. O-O b6 10. Bd2 Ba6 11. Rc1 Rc8 12. a3 Be7 13. Nc3 Nc7 14. b4 O-O
15. Rc2 Nb5 16. Nxb5 Bxb5 17. Rac1 Bd6 18. Bf4 Bxf4 19. gxf4 Rfd8 20. e3 Ba4
21. Rc3 Ne7 22. Nd4 Rxc3 23. Rxc3 Rc8 24. Rxc8+ Nxc8 25. Bc6 Bxc6 26. Nxc6 Kf8
27. e4 b5 28. f3 Ke8 29. Kf2 f6 30. Nd4 Nd6 31. Nxe6 Kd7 32. Nxg7 Nc4 33. Nf5
Nxa3 34. Nd4 Kd6 35. Ke2 a6 36. Kd3 Nc4 37. Nb3 Ke7 38. Kd4 Na3 39. Kd3 Nc4 40.
Kd4 Na3 41. Kc5 Nc2 42. Nd4 Ne1 43. Kb6 Nd3 44. Nc2 f5 45. Kxa6 fxe4 46. fxe4
Nxf4 47. Nd4 Kd6 48. Nxb5+ Ke5 49. Nc3 Kd4 50. b5 Kxc3 51. b6 Ne6 52. Kb5 Nd8
53. e5 Kd4 54. e6 Kd5 55. e7 Nb7 56. Ka6 1-0

[Event "American Continental 9th"]
[Site "Cochabamba"]
[Date "2013.05.14"]
[Round "10"]
[White "Mekhitarian, Krikor Sevag"]
[Black "Principe, Alexander"]
[Result "1-0"]
[WhiteElo "2551"]
[BlackElo "2261"]
[PlyCount "59"]
[EventDate "2013.05.07"]
[EventType "swiss"]
[EventRounds "11"]
[EventCountry "BOL"]
[SourceTitle "CBM 154 Extra"]
[Source "ChessBase"]
[SourceDate "2013.06.25"]
[SourceVersion "2"]
[SourceVersionDate "2013.06.25"]
[SourceQuality "1"]

1. e4 c5 2. Nf3 d6 3. d4 cxd4 4. Nxd4 Nf6 5. Nc3 a6 6. Be3 e5 7. Nb3 Be6 8. Qf3
Be7 9. h3 O-O 10. g4 b5 11. g5 Nfd7 12. Rg1 Nc6 13. O-O-O Nb6 14. Nd5 Nc4 15.
h4 Kh8 16. Kb1 Rb8 17. Nd2 Nxe3 18. Qxe3 Qd7 19. f4 exf4 20. Qxf4 Ne5 21. Be2
Bd8 22. Nf3 Nxf3 23. Bxf3 Bxd5 24. Rxd5 Rb6 25. Rgd1 Bc7 26. e5 Rd8 27. h5 Qe7
28. h6 gxh6 29. gxh6 dxe5 30. Qxe5+ 1-0

[Event "American Continental 9th"]
[Site "Cochabamba"]
[Date "2013.05.15"]
[Round "11"]
[White "Cornejo, Max"]
[Black "Mekhitarian, Krikor Sevag"]
[Result "1/2-1/2"]
[WhiteElo "2380"]
[BlackElo "2551"]
[PlyCount "134"]
[EventDate "2013.05.07"]
[EventType "swiss"]
[EventRounds "11"]
[EventCountry "BOL"]
[SourceTitle "CBM 154 Extra"]
[Source "ChessBase"]
[SourceDate "2013.06.25"]
[SourceVersion "2"]
[SourceVersionDate "2013.06.25"]
[SourceQuality "1"]

1. e4 c5 2. Nf3 Nc6 3. Bb5 e6 4. O-O Nge7 5. c3 a6 6. Ba4 b5 7. Bc2 Bb7 8. d4
cxd4 9. cxd4 Nb4 10. a3 Nxc2 11. Qxc2 Rc8 12. Qd3 d5 13. e5 Nc6 14. b4 Be7 15.
Nbd2 O-O 16. Nb3 h6 17. Bd2 Nb8 18. Nc5 Bxc5 19. bxc5 a5 20. Rfb1 Ba6 21. Ne1
Kh8 22. f4 b4 23. Qe3 bxa3 24. Qxa3 Nc6 25. Bxa5 Qh4 26. Nf3 Qh5 27. Qe3 Qg6
28. Rd1 Ra8 29. Bc3 Bc4 30. h3 Rfb8 31. Nd2 Bd3 32. Kh2 Bc2 33. Rdc1 Kh7 34. g4
Rxa1 35. Rxa1 Qd3 36. Qxd3+ Bxd3 37. Kg3 Rb7 38. Kf2 Ra7 39. Rxa7 Nxa7 40. Ke3
Bc2 41. Nf1 Nc6 42. Ng3 Ne7 43. Ba5 Nc6 44. Be1 Ne7 45. Kd2 Bb1 46. Kc3 Nc6 47.
Bf2 g6 48. Be3 Ba2 49. h4 Bc4 50. f5 Ba6 51. fxe6 fxe6 52. Nh1 Kg7 53. Nf2 Be2
54. Kd2 Bf3 55. Kd3 h5 56. gxh5 Bxh5 57. Nh3 Kf7 58. Nf4 Bd1 59. Kc3 Ba4 60.
Nd3 Bb5 61. Nb2 Ke8 62. Bg5 Be2 63. Na4 Bb5 64. Nb2 Be2 65. Nd3 Bxd3 66. Kxd3
Kd7 67. Kc3 Kc8 1/2-1/2

[Event "Fortaleza Alves memorial 17th"]
[Site "Fortaleza"]
[Date "2013.05.17"]
[Round "1"]
[White "De Paula, Luciano Alves"]
[Black "Mekhitarian, Krikor Sevag"]
[Result "0-1"]
[WhiteElo "1816"]
[BlackElo "2551"]
[PlyCount "56"]
[EventDate "2013.05.17"]
[EventType "swiss"]
[EventRounds "6"]
[EventCountry "BRA"]
[SourceTitle "CBM 154 Extra"]
[Source "ChessBase"]
[SourceDate "2013.06.25"]
[SourceVersion "2"]
[SourceVersionDate "2013.06.25"]
[SourceQuality "1"]

1. e4 c5 2. Nf3 e6 3. d4 cxd4 4. Nxd4 a6 5. Nc3 b5 6. Be3 Bb7 7. f3 Nf6 8. Qd2
b4 9. Na4 d5 10. e5 Nfd7 11. f4 Nc6 12. Nb3 Qc7 13. Qf2 Rc8 14. Bd3 Be7 15. Nb6
Nxb6 16. Bxb6 Qb8 17. O-O O-O 18. Nc5 Qa8 19. Nd7 Rfd8 20. Bxd8 Rxd8 21. Nb6
Qb8 22. Kh1 g6 23. a3 Qc7 24. Na4 d4 25. axb4 Nxb4 26. Qe2 Qc6 27. Rfe1 Qc7 28.
Rad1 Nd5 0-1

[Event "Fortaleza Alves memorial 17th"]
[Site "Fortaleza"]
[Date "2013.05.17"]
[Round "2"]
[White "Mekhitarian, Krikor Sevag"]
[Black "Freitas, Marcos Antonio da C"]
[Result "1-0"]
[WhiteElo "2551"]
[BlackElo "1993"]
[PlyCount "43"]
[EventDate "2013.05.17"]
[EventType "swiss"]
[EventRounds "6"]
[EventCountry "BRA"]
[SourceTitle "CBM 154 Extra"]
[Source "ChessBase"]
[SourceDate "2013.06.25"]
[SourceVersion "2"]
[SourceVersionDate "2013.06.25"]
[SourceQuality "1"]

1. e4 e5 2. Nf3 Nc6 3. Bb5 a6 4. Ba4 Nf6 5. O-O Be7 6. d3 b5 7. Bb3 d6 8. a4 b4
9. a5 O-O 10. Nbd2 Bg4 11. h3 Be6 12. Bc4 d5 13. exd5 Nxd5 14. Re1 f6 15. d4
Bd6 16. dxe5 fxe5 17. Ne4 Nf4 18. Bxe6+ Nxe6 19. Qd5 Qe8 20. Neg5 Rf6 21. Nxe6
Rxe6 22. Ng5 1-0

[Event "Fortaleza Alves memorial 17th"]
[Site "Fortaleza"]
[Date "2013.05.18"]
[Round "3"]
[White "De Souza, Rafael Cabral"]
[Black "Mekhitarian, Krikor Sevag"]
[Result "0-1"]
[WhiteElo "2182"]
[BlackElo "2551"]
[PlyCount "64"]
[EventDate "2013.05.17"]
[EventType "swiss"]
[EventRounds "6"]
[EventCountry "BRA"]
[SourceTitle "CBM 154 Extra"]
[Source "ChessBase"]
[SourceDate "2013.06.25"]
[SourceVersion "2"]
[SourceVersionDate "2013.06.25"]
[SourceQuality "1"]

1. e4 e5 2. Nf3 Nc6 3. Bb5 a6 4. Ba4 Nf6 5. O-O Be7 6. Re1 b5 7. Bb3 O-O 8. a4
b4 9. c3 d6 10. h3 Rb8 11. d4 bxc3 12. bxc3 exd4 13. cxd4 d5 14. exd5 Nxd5 15.
Bd2 Be6 16. Na3 Bf6 17. Bc1 Nc3 18. Qc2 Rxb3 19. Rxe6 fxe6 20. Qxb3 Ne2+ 21.
Kh1 Ncxd4 22. Nxd4 Nxd4 23. Qc4 Nf3 24. Qxe6+ Kh8 25. gxf3 Qd1+ 26. Kg2 Bxa1
27. Bf4 Qxa4 28. Nc4 Qe8 29. Qg4 Qg6 30. Bxc7 Rc8 31. Be5 Rxc4 32. Bxa1 Rxg4+
0-1

[Event "Fortaleza Alves memorial 17th"]
[Site "Fortaleza"]
[Date "2013.05.18"]
[Round "4"]
[White "Mekhitarian, Krikor Sevag"]
[Black "Perdomo, Leandro Daniel"]
[Result "1-0"]
[WhiteElo "2551"]
[BlackElo "2397"]
[PlyCount "159"]
[EventDate "2013.05.17"]
[EventType "swiss"]
[EventRounds "6"]
[EventCountry "BRA"]
[SourceTitle "CBM 154 Extra"]
[Source "ChessBase"]
[SourceDate "2013.06.25"]
[SourceVersion "2"]
[SourceVersionDate "2013.06.25"]
[SourceQuality "1"]

1. e4 e5 2. Nf3 Nc6 3. Bb5 a6 4. Ba4 Nf6 5. O-O Be7 6. d3 b5 7. Bb3 d6 8. a4
Bg4 9. c3 Na5 10. Bc2 b4 11. Nbd2 O-O 12. h3 Bh5 13. Re1 Rb8 14. d4 bxc3 15.
bxc3 exd4 16. cxd4 c5 17. dxc5 dxc5 18. Qe2 Qc8 19. Ba3 Nc6 20. Qc4 Nb4 21. Bb3
Rd8 22. Re3 Qb7 23. Qc3 Bd6 24. g3 Re8 25. Rae1 h6 26. Qc1 Bf8 27. Bb2 Nd7 28.
Ba1 Nc6 29. e5 Nd4 30. Nxd4 cxd4 31. Bxd4 Rec8 32. Qa1 Nc5 33. e6 Nxb3 34. Rxb3
Qe7 35. Rbe3 Rc2 36. Nf1 fxe6 37. Rxe6 Qd7 38. g4 Bf7 39. R6e3 Ra2 40. Qd1 Rd8
41. Rd3 Bc5 42. Re4 Bg6 43. Qb3+ Qf7 44. Qxf7+ Bxf7 45. Ne3 Rxa4 46. Bxc5 Ra1+
47. Rd1 Raxd1+ 48. Nxd1 Rxd1+ 49. Kh2 Bd5 50. Re8+ Kf7 51. Rf8+ Ke6 52. f4 Rd2+
53. Kg1 Rg2+ 54. Kf1 Rc2 55. Bd4 Bg2+ 56. Ke1 Bxh3 57. f5+ Kd5 58. Bxg7 Bxg4
59. Rd8+ Ke4 60. f6 Be6 61. Re8 Kf5 62. Re7 Rc6 63. f7 Bxf7 64. Rxf7+ Kg6 65.
Ra7 h5 66. Kf2 Kg5 67. Bd4 Re6 68. Kf3 Kg6 69. Kf4 Rc6 70. Rg7+ Kh6 71. Rg8 Kh7
72. Rg5 Kh6 73. Bg7+ Kh7 74. Be5 Kh6 75. Kf5 Rc2 76. Rg6+ Kh7 77. Rg7+ Kh6 78.
Ra7 Rc5 79. Rxa6+ Kh7 80. Ra8 1-0